The March of archaeology
Gorde:
| Egile nagusia: | |
|---|---|
| Formatua: | Liburua |
| Hizkuntza: | Undetermined |
| Argitaratua: |
New York
Alfred A. Knoff
1966
|
| Gaiak: | |
| Etiketak: |
Etiketa erantsi
Etiketarik gabe, Izan zaitez lehena erregistro honi etiketa jartzen!
|
| Thư viện lưu trữ: | Trung tâm Học liệu Trường Đại học Cần Thơ |
|---|
| LEADER | 00455nam a2200181Ia 4500 | ||
|---|---|---|---|
| 001 | CTU_10619 | ||
| 008 | 210402s9999 xx 000 0 und d | ||
| 082 | |a 930.1 | ||
| 082 | |b C411 | ||
| 100 | |a C W Ceram | ||
| 245 | 4 | |a The March of archaeology | |
| 245 | 0 | |c C W Ceram | |
| 260 | |a New York | ||
| 260 | |b Alfred A. Knoff | ||
| 260 | |c 1966 | ||
| 650 | |a archaeology | ||
| 904 | |i Minh, 961010 | ||
| 980 | |a Trung tâm Học liệu Trường Đại học Cần Thơ | ||